Emotional intelligence 2.0 / (Record no. 30984)

MARC details
000 -LEADER
fixed length control field 03651cam a2200409 i 4500
001 - CONTROL NUMBER
control field 22574936
003 - CONTROL NUMBER IDENTIFIER
control field EG-ScBUE
005 - DATE AND TIME OF LATEST TRANSACTION
control field 20250514085448.0
008 - FIXED-LENGTH DATA ELEMENTS--GENERAL INFORMATION
fixed length control field 220526t2009 caua f b 000 0 eng d
020 ## - INTERNATIONAL STANDARD BOOK NUMBER
International Standard Book Number 9780974320625
020 ## - INTERNATIONAL STANDARD BOOK NUMBER
International Standard Book Number 0974320625
035 ## - SYSTEM CONTROL NUMBER
System control number (OCoLC)ocn298781856
040 ## - CATALOGING SOURCE
Original cataloging agency BTCTA
Language of cataloging eng
Description conventions rda
Transcribing agency BTCTA
Modifying agency ILM
-- BWX
-- OCLCQ
-- SINIE
-- VP@
-- ILC
-- DEBSZ
-- YDXCP
-- VET
-- BDX
-- TULIB
-- OCLCF
-- VZD
-- OCLCQ
-- OCLCO
-- RB0
-- OCLCQ
-- BEDGE
-- LTP
-- CNGUL
-- OCLCO
-- MND
-- I8M
-- OCLCO
-- N$V
-- OCLCO
-- TUL
-- UZ0
-- OCLCO
-- NTX
-- BYV
-- DHA
-- P@N
-- TAW
-- OCLCO
-- CSJ
-- OCLCO
-- OCLCQ
-- OCLCO
-- OCLCQ
-- DMY
-- QQ3
-- MOF
-- OCLCO
-- GILDS
-- OCLCO
-- HMG
-- RVA
-- CPO
-- P4A
-- OCLCO
-- FB3
-- CPS
-- S#L
-- IGA
-- OCLCO
-- WW9
-- TOF
-- BHL
-- OCLCO
-- FYM
-- OCLCO
-- OCLCA
-- IWU
-- OCLCO
-- IHT
-- OCLCA
-- OCLCQ
-- GAVCL
-- OCLCQ
-- OCLCO
-- BBW
-- OCLCO
-- DLC
-- EG-ScBUE
043 ## - GEOGRAPHIC AREA CODE
Geographic area code n-us---
082 04 - DEWEY DECIMAL CLASSIFICATION NUMBER
Classification number 152.4
Edition number 22
Item number BRA
100 1# - MAIN ENTRY--PERSONAL NAME
Personal name Bradberry, Travis,
Relator term author.
245 10 - TITLE STATEMENT
Title Emotional intelligence 2.0 /
Statement of responsibility, etc Dr. Travis Bradberry & Jean Greaves ; foreword by Patrick Lencioni.
264 #1 - PUBLICATION, DISTRIBUTION, ETC. (IMPRINT)
Place of publication, distribution, etc San Diego, California :
Name of publisher, distributor, etc TalentSmart,
Date of publication, distribution, etc [2009]
264 #4 - PUBLICATION, DISTRIBUTION, ETC. (IMPRINT)
Date of publication, distribution, etc ©2009
300 ## - PHYSICAL DESCRIPTION
Extent xvii, 255 pages :
Other physical details illustrations ;
Dimensions 19 cm
336 ## - CONTENT TYPE
Content type term text
Content type code txt
Source rdacontent
337 ## - MEDIA TYPE
Media type term unmediated
Media type code n
Source rdamedia
338 ## - CARRIER TYPE
Carrier type term volume
Carrier type code nc
Source rdacarrier
500 ## - GENERAL NOTE
General note "Includes a new & enhanced online edition of the world's most popular emotional intelligence test."
504 ## - BIBLIOGRAPHY, ETC. NOTE
Bibliography, etc Includes bibliographical references.
505 00 - FORMATTED CONTENTS NOTE
Title Journey --
-- Big Picture --
-- What Emotional Intelligence looks Like: Understanding the Four Skills --
-- Digging In: An Action Plan to Increase Your EQ --
-- Self-Awareness Strategies --
-- Self-Management Strategies --
-- Social Awareness Strategies --
-- Relationship Management Strategies --
Miscellaneous information Epilogue--Just the Facts : A Look at the Latest Discoveries in Emotional Intelligence --
Title Discussion Questions for Reading Groups.
520 ## - SUMMARY, ETC.
Summary, etc "Knowing what emotional intelligence is, and knowing how to use it to improve your life, are two very different things." --Publisher.
520 ## - SUMMARY, ETC.
Summary, etc In today's fast-paced world of competitive workplaces and turbulent economic conditions, each of us is searching for effective tools that can help us manage, adapt, and strike out ahead of the pack. By now, emotional intelligence (EQ) needs little introduction--it's no secret that EQ is critical to your success. But knowing what emotional intelligence is and knowing how to use it to improve your life are two very different things. Emotional Intelligence 2.0 delivers a step-by-step program for increasing your emotional intelligence using the four core EQ skills--self-awareness, self-management--to exceed your goals and achieve your fullest potential. For the first time ever in a book, Drs. Bradberry and Greaves unveil Talent Smart's revolutionary program to help people identify their EQ skills, build these skills into strengths, and enjoy consistent performance in the pursuit of important life objectives. This book contains proven strategies from a decade-long effort to accurately measure and increase emotional intelligence. Trusted by upper-echelon leaders inside companies worldwide, these strategies will enable you to capitalize on the skills responsible for 58% of performance in all types of jobs--from dust jacket.
650 #7 - SUBJECT ADDED ENTRY--TOPICAL TERM
Topical term or geographic name as entry element Emotional intelligence.
Source of heading or term BUEsh
653 ## - INDEX TERM--UNCONTROLLED
Arrived date list May2025
Resource For college Humanities: Psychology
655 ## - INDEX TERM--GENRE/FORM
Form subdivision Reading book
700 1# - ADDED ENTRY--PERSONAL NAME
Personal name Greaves, Jean,
Relator term author.
700 1# - ADDED ENTRY--PERSONAL NAME
Personal name Lencioni, Patrick,
Dates associated with a name 1965-
Relator term writer of foreword.
856 41 - ELECTRONIC LOCATION AND ACCESS
Materials specified Table of contents
Electronic format type application/pdf
Uniform Resource Identifier <a href="http://swbplus.bsz-bw.de/bsz314834796inh.htm">http://swbplus.bsz-bw.de/bsz314834796inh.htm</a>
Hours access method available 20100120143328
906 ## - LOCAL DATA ELEMENT F, LDF (RLIN)
a 7
b cbc
c copycat
d 2
e ncip
f 20
g y-gencatlg
942 ## - ADDED ENTRY ELEMENTS (KOHA)
Source of classification or shelving scheme Dewey Decimal Classification
Koha item type Book - Borrowing
Holdings
Withdrawn status Lost status Source of classification or shelving scheme Damaged status Not for loan Collection code Home library Current library Shelving location Date acquired Source of acquisition Cost, normal purchase price Serial Enumeration / chronology Total Checkouts Total Renewals Full call number Barcode Checked out Date last seen Date checked out Cost, replacement price Price effective from Koha item type
    Dewey Decimal Classification     Baccah Central Library Central Library Lower Floor 14/05/2025 Purchase 1560.00 39241 1 5 152.4 BRA 000057363 08/03/2026 16/10/2025 16/10/2025 1950.00 14/05/2025 Book - Borrowing